Temas hispanoamericanos en su quinto centenario / (Record no. 15496)

MARC details
000 -LEADER
campo de control de longitud fija 00670nam a2200217 i 4500
001 - NÚMERO DE CONTROL
campo de control 15496
003 - IDENTIFICADOR DE NÚMERO DE CONTROL
campo de control ES-MaACL
005 - FECHA Y HORA DE LA ÚLTIMA TRANSACCIÓN
campo de control 20250801063017.0
007 - CAMPO FIJO DE DESCRIPCIÓN FÍSICA--INFORMACIÓN GENERAL
campo de control de longitud fija t|
008 - DATOS DE LONGITUD FIJA--INFORMACIÓN GENERAL
campo de control de longitud fija 000324s1986 mx |||| | spa d
020 ## - NÚMERO INTERNACIONAL ESTÁNDAR DEL LIBRO
Número Internacional Estándar del Libro 968-452-183-9
080 ## - NÚMERO DE LA CLASIFICACIÓN DECIMAL UNIVERSAL
Número de la Clasificación Decimal Universal 98(=134.2)"1492/1600"(082.2)
100 1# - ENTRADA PRINCIPAL--NOMBRE DE PERSONA
Nombre de persona Zavala, Silvio,
Fechas asociadas al nombre 1909-2014
9 (RLIN) 118108
245 10 - MENCIÓN DEL TÍTULO
Título Temas hispanoamericanos en su quinto centenario /
Mención de responsabilidad, etc. Silvio Zavala.
250 ## - MENCION DE EDICION
Mención de edición 1ª ed.
260 ## - PUBLICACIÓN, DISTRIBUCIÓN, ETC.
Lugar de publicación, distribución, etc. México :
Nombre del editor, distribuidor, etc. Porrúa,
Fecha de publicación, distribución, etc. 1986.
300 ## - DESCRIPCIÓN FÍSICA
Extensión 245 p. ;
Dimensiones 21 cm.
651 #4 - PUNTO DE ACCESO ADICIONAL DE MATERIA--NOMBRE GEOGRÁFICO
Nombre geográfico América española-
Subdivisión general Historia-
Subdivisión cronológica 1492-1600 (Descubrimiento y conquista)
9 (RLIN) 7724
852 ## - LOCALIZACIÓN
Ubicación ES-MaACL
Número de control de estantería G-2119
Holdings
Estatus retirado Estado de pérdida Estado de daño No para préstamo Biblioteca de origen Biblioteca actual Ubicación en estantería Fecha de adquisición Fuente de adquisición Total de préstamos Signatura topográfica completa Código de barras Visto por última vez Precio de reemplazo Tipo de ítem Koha
        Biblioteca del Ateneo de Madrid Biblioteca del Ateneo de Madrid Depósito 2 17/01/2008     G-2119 1015753 23/02/2023 23/02/2023 Libro impreso